Human behavior in the social environment : (Record no. 9463)

MARC details
000 -LEADER
fixed length control field 01539cam a2200337 a 4500
001 - CONTROL NUMBER
control field 11988789
003 - CONTROL NUMBER IDENTIFIER
control field OSt
005 - DATE AND TIME OF LATEST TRANSACTION
control field 20211005114516.0
008 - FIXED-LENGTH DATA ELEMENTS--GENERAL INFORMATION
fixed length control field 000428s2001 caua b 001 0 eng
010 ## - LIBRARY OF CONGRESS CONTROL NUMBER
LC control number 00033690
020 ## - INTERNATIONAL STANDARD BOOK NUMBER
International Standard Book Number 0534359159
040 ## - CATALOGING SOURCE
Original cataloging agency DLC
Transcribing agency hu
Modifying agency DLC
050 00 - LIBRARY OF CONGRESS CALL NUMBER
Classification number BF713
Item number .A82 2001
082 00 - DEWEY DECIMAL CLASSIFICATION NUMBER
Classification number 302
Edition number 21
100 1# - MAIN ENTRY--PERSONAL NAME
Personal name Ashford, José B.
9 (RLIN) 10155
245 10 - TITLE STATEMENT
Title Human behavior in the social environment :
Remainder of title a multidimensional perspective /
Statement of responsibility, etc. José B. Ashford, Craig Winston LeCroy, Kathy L. Lortie.
250 ## - EDITION STATEMENT
Edition statement 2nd ed.
260 ## - PUBLICATION, DISTRIBUTION, ETC.
Place of publication, distribution, etc. Belmont, CA :
Name of publisher, distributor, etc. Brooks/Cole/Thomson Learning,
Date of publication, distribution, etc. c2001.
300 ## - PHYSICAL DESCRIPTION
Extent xvi, 638 p. :
Other physical details ill. ;
Dimensions 24 cm.
504 ## - BIBLIOGRAPHY, ETC. NOTE
Bibliography, etc. note Includes bibliographical references (p. [586]-620) and indexes.
650 #0 - SUBJECT ADDED ENTRY--TOPICAL TERM
Topical term or geographic name entry element Developmental psychology
Form subdivision Textbooks.
9 (RLIN) 10156
650 #0 - SUBJECT ADDED ENTRY--TOPICAL TERM
Topical term or geographic name entry element Social psychology
Form subdivision Textbooks.
9 (RLIN) 10157
700 1# - ADDED ENTRY--PERSONAL NAME
Personal name LeCroy, Craig W.
9 (RLIN) 10158
700 1# - ADDED ENTRY--PERSONAL NAME
Personal name Lortie, Kathy L.,
Dates associated with a name 1953-
9 (RLIN) 10159
856 42 - ELECTRONIC LOCATION AND ACCESS
Materials specified Contributor biographical information
Uniform Resource Identifier <a href="http://www.loc.gov/catdir/enhancements/fy1515/00033690-b.html">http://www.loc.gov/catdir/enhancements/fy1515/00033690-b.html</a>
856 42 - ELECTRONIC LOCATION AND ACCESS
Materials specified Publisher description
Uniform Resource Identifier <a href="http://www.loc.gov/catdir/enhancements/fy1515/00033690-d.html">http://www.loc.gov/catdir/enhancements/fy1515/00033690-d.html</a>
856 41 - ELECTRONIC LOCATION AND ACCESS
Materials specified Table of contents only
Uniform Resource Identifier <a href="http://www.loc.gov/catdir/enhancements/fy1515/00033690-t.html">http://www.loc.gov/catdir/enhancements/fy1515/00033690-t.html</a>
906 ## - LOCAL DATA ELEMENT F, LDF (RLIN)
a 7
b cbc
c orignew
d 1
e ocip
f 20
g y-gencatlg
942 ## - ADDED ENTRY ELEMENTS (KOHA)
Source of classification or shelving scheme Dewey Decimal Classification
Koha item type Books like text book referance book
Suppress in OPAC No
Holdings
Withdrawn status Lost status Source of classification or shelving scheme Damaged status Not for loan Home library Current library Shelving location Date acquired Total Checkouts Full call number Barcode Date last seen Copy number Price effective from Koha item type
    Dewey Decimal Classification     Social Library Social Library General Stacks 10/05/2021   302./ash SHLIB 00001704 10/05/2021 1 10/05/2021 Books like text book referance book